The Fizzy Whiz Kid

Moving to Hollywood with his academic parents, eleven-year-old Mitch feels like an outsider in his school where everyone has connections to the powerful and famous in the entertainment industry, until he is cast in a soda commercial that launches a popular catchphrase.

Gorde:
Xehetasun bibliografikoak
Egile nagusia: Williams, Maiya
Formatua: Liburua
Hizkuntza:Undetermined
Argitaratua: New York Amulet Books 2010
Gaiak:
Etiketak: Etiketa erantsi
Etiketarik gabe, Izan zaitez lehena erregistro honi etiketa jartzen!
Thư viện lưu trữ: Trung tâm Học liệu Trường Đại học Cần Thơ
LEADER 00790nam a2200205Ia 4500
001 CTU_186992
008 210402s9999 xx 000 0 und d
082 |a 813 
082 |b W725 
100 |a Williams, Maiya 
245 4 |a The Fizzy Whiz Kid 
245 0 |c Maiya Williams 
260 |a New York 
260 |b Amulet Books 
260 |c 2010 
520 |a Moving to Hollywood with his academic parents, eleven-year-old Mitch feels like an outsider in his school where everyone has connections to the powerful and famous in the entertainment industry, until he is cast in a soda commercial that launches a popular catchphrase. 
650 |a Fame,Nổi tiếng 
650 |x Fiction,Tiểu thuyết 
904 |i Giang 
980 |a Trung tâm Học liệu Trường Đại học Cần Thơ